000 00826cam a2200241 a 4500
999 _c737
_d737
001 .b1492979x
003 OSt
005 20191205161728.0
008 130802s2007 enkab j 000 1 eng d
020 _a9781405233361 (pbk.)
040 _aPTTCL
_beng
_cPTTCL
042 _anbic
082 _aFIC MOR
100 1 _aMorpurgo, Michael.
_eauthor
245 1 4 _aThe wreck of the Zanzibar /
_cMichael Morpurgo ; illustrated by Christian Birmingham.
260 _aLondon :
_bEgmont,
_c2007.
300 _a100, [1] p. :
_bill., map ;
_c20 cm.
650 0 _aShipwrecks
_zEngland
_zScilly, Isles of
_vJuvenile fiction.
650 0 _aBrothers and sisters
_zEngland
_zScilly, Isles of
_vJuvenile fiction.
650 0 _aStorms
_zEngland
_zScilly, Isles of
_vJuvenile fiction.
700 1 _aBirmingham, Christian.
_eIllustrator
942 _2ddc
_cFIC